MyGZULibrary

African art / (Record no. 8110)

MARC details
000 -LEADER
fixed length control field 00934cam a22003014a 4500
001 - CONTROL NUMBER
control field 12689023
003 - CONTROL NUMBER IDENTIFIER
control field GZU
005 - DATE AND TIME OF LATEST TRANSACTION
control field 20210517102337.0
008 - FIXED-LENGTH DATA ELEMENTS--GENERAL INFORMATION
fixed length control field 020220s2002 enkab b 001 0 eng
010 ## - LIBRARY OF CONGRESS CONTROL NUMBER
LC control number 2002102602
020 ## - INTERNATIONAL STANDARD BOOK NUMBER
International Standard Book Number 0500203644
035 ## - SYSTEM CONTROL NUMBER
System control number (DLC) 2002102602
040 ## - CATALOGING SOURCE
Original cataloging agency DLC
Transcribing agency DLC
042 ## - AUTHENTICATION CODE
Authentication code pcc
043 ## - GEOGRAPHIC AREA CODE
Geographic area code f------
050 00 - LIBRARY OF CONGRESS CALL NUMBER
Classification number N7380
Item number .W5 2002
100 1# - MAIN ENTRY--PERSONAL NAME
Personal name Willett, Frank.
245 10 - TITLE STATEMENT
Title African art /
Statement of responsibility, etc. Frank Willett.
250 ## - EDITION STATEMENT
Edition statement New ed.
260 ## - PUBLICATION, DISTRIBUTION, ETC.
Place of publication, distribution, etc. London :
Name of publisher, distributor, etc. Thames & Hudson,
Date of publication, distribution, etc. 2002.
300 ## - PHYSICAL DESCRIPTION
Extent 272 p. :
Other physical details ill. (some col.), map ;
Dimensions 21 cm.
440 #0 - SERIES STATEMENT/ADDED ENTRY--TITLE
Title World of art
504 ## - BIBLIOGRAPHY, ETC. NOTE
Bibliography, etc. note Includes bibliographical references (p. 262-267) and index.
650 #0 - SUBJECT ADDED ENTRY--TOPICAL TERM
Topical term or geographic name entry element Art, African.
906 ## - LOCAL DATA ELEMENT F, LDF (RLIN)
a 7
b cbc
c orignew
d 2
e epcn
f 20
g y-gencatlg
942 ## - ADDED ENTRY ELEMENTS (KOHA)
Source of classification or shelving scheme Library of Congress Classification
Koha item type Books
Classification part 7380
Item part WIL
Call number prefix N
Call number suffix 2002
Holdings
Withdrawn status Lost status Damaged status Not for loan Collection code Home library Current library Shelving location Date acquired Total Checkouts Full call number Barcode Date last seen Copy number Price effective from Koha item type
        Non-fiction Mashava Campus Library Mashava Campus Library General Stacks 05/17/2021   N7380 WIL 2002 000059 05/17/2021 c.1 05/17/2021 Books
        Non-fiction Mashava Campus Library Mashava Campus Library General Stacks 05/17/2021   N7380 WIL 2011 000055 05/17/2021 c.2 05/17/2021 Books